| 000 | 01459nam a2200361 i 4500 | ||
|---|---|---|---|
| 003 | DO-SdBNP | ||
| 005 | 20230922105852.0 | ||
| 007 | ta | ||
| 008 | 110413s2023 dr do 000 j spa d | ||
| 020 | _a9789945639018 | ||
| 020 | _a9789945639025 | ||
| 040 |
_aDO-SdBNP _bspa _cBNPHU _erda |
||
| 082 |
_bP474a _222 |
||
| 100 | 1 |
_aSantana de los Santos, Sarah _984162 |
|
| 245 | 1 | 0 |
_aPesquería artesanal Marina en República Dominicana : _b(periodo 2017-2020) / _cSarah Santana de los Santos, Juan Silvestre Domínguez, Angie Valdez Jorge ; coautor Miguel Guevara ; presentación Nurys González Durán, Ángel Castillo |
| 264 | 1 |
_aSanto Domingo : _bISFODOSU, _bUniversidad ISA, _bCODOPESCA, _c2023. |
|
| 300 |
_a118 páginas _c28 cm. _bgraficas, fotografías |
||
| 336 |
_2rdacontent _atexto _btxt |
||
| 337 |
_2rdamedia _asin mediación _bn |
||
| 338 |
_2rdacarrier _avolumen _bnc |
||
| 490 | 1 | _aCiencias de la naturaleza | |
| 500 | _aIncluye relación de tablas y figuras. | ||
| 504 | _aBibliografía p: 106-111 | ||
| 590 | _aInventariado, 2023/ YL | ||
| 700 | 1 | 2 |
_aDomínguez, Juan Silvestre _eautor _984163 |
| 700 | 1 | 2 |
_aValdez Jorge, Angie _eautora _984164 |
| 700 | 1 | 2 |
_aGuevara, Miguel _ecoautor _943159 |
| 700 | 1 | 2 |
_aGonzález Durán, Nurys _epresentación _963300 |
| 700 | 1 | 2 |
_aCastillo, Ángel _epresentación _984165 |
| 710 | _aInstituto Superior de Formación Docente Salomé Ureña (ISFODOSU) | ||
| 910 | _aYLockward | ||
| 942 |
_2ddc _cLBS1 |
||
| 999 |
_c54900 _d54900 |
||